| 000 | 01184nam0a22002531 4500 | ||
|---|---|---|---|
| 001 | rc\627569 | ||
| 005 | 20260407030705.0 | ||
| 035 | _a(NLR Aleph) 005870000 | ||
| 090 |
_a5968667 _c5968667 |
||
| 100 | _a20031121d1986 |||y0rusy50 ca | ||
| 101 | 0 | _arus | |
| 102 | _aRU | ||
| 105 | _aa ||||||||| | ||
| 200 | 1 |
_aКомплексная механизация процессов сельскохозяйственного производства _e[Сб. ст.] _fНауч.-произв. об-ние "Казсельхозмеханизация" _g[Редкол.: Р.В. Бидлингмайер и др. _gАвт. предисл. Р.В. Бидлингмайер] |
|
| 210 |
_aАлма-Ата _cКайнар _d1986 |
||
| 215 |
_a275 с. _cил. _d22 |
||
| 320 | _aБиблиогр. в конце ст. | ||
| 702 | 1 |
_aБидлингмайер _bР.В. _gРольф Вильгельмович _4340 |
|
| 712 | 0 | 2 |
_a"Казсельхозмеханизация", научно-производственное объединение _cАлма-Ата _3RU\NLR\AUTH\8810012589 _9523007 |
| 801 | 0 |
_aRU _bNLR _gpsbo |
|
| 801 | 1 |
_aRU _bELAR _2rusmarc |
|
| 852 |
_aNLR _j87-5/1943 |
||
| 942 | _cBOOK | ||
| 980 | _aNB | ||